hi111223's Favorite NBA Players by Picture - Statistics

General Stats
  • This quiz has been taken 28 times
  • The average score is 7 of 10
Answer Stats
Picture Answer % Correct
Darius Garland
100%
Donovan Mitchell
100%
Tyrese Haliburton
86%
Walker Kessler
81%
Keyonte George
71%
GG Jackson
62%
Trayce Jackson-Davis
62%
Bilal Coulibaly
48%
Toumani Camara
38%
Craig Porter Jr.
19%
No matching quizzes found
Score Distribution
Percent of People with Each Score
Percentile by Number Answered
Your Score History
You have not taken this quiz